[Event "Stay Safe Play From Home 206"]
[Site "T#646635Emanuel Laske"]
[Date "2020.06.07"]
[Round "9"]
[White "Tumnik_ad"]
[Black "NeatFox"]
[Result "1/2-1/2"]
[WhiteElo "1993"]
[BlackElo "1785"]
[Annotator "TA"]
[PlyCount "140"]
[EventDate "2020.06.07"]
[EventType "swiss (blitz)"]

{[%evp 9,140,-2,-1,0,9,-51,-46,-41,0,-32,4,-44,-58,-83,-57,-65,-14,-38,-31,-29,-22,-22,-14,-31,-1,-134,-138,-544,-101,-135,-93,-103,0,0,7,-107,-114,-132,-129,-164,-31,-163,-153,-162,-68,-94,-101,-110,143,145,127,68,243,243,223,227,219,231,178,0,0,0,0,-6,669,653,865,870,806,750,5901,5893,5573,5489,5705,2907,29978,29979,29981,29982,29982,29983,29982,29982,29982,29979,29979,29980,29980,29981,29981,29982,29982,29983,29983,29984,29984,29985,29985,29983,29983,29984,29984,29985,29986,29987,29987,29988,29988,29989,29989,29990,29996,29992,29992,29992,29995,29993,29994,29992,29995,29991,29991,29992,29994,29992,29992,29993,29993,0,0,0,0]} 1. c3 b6 2. d3 Bb7 3. Nd2 g6 4. Ngf3 Bg7 5. g3 Nf6 6. Bg2 {A00: Irregular Openings.} O-O {[#]} 7. Nh4 $146 (7. e4 $11) ({Predecessor:} 7. O-O d6 8. Qc2 Nbd7 9. Re1 e6 10. b3 Qe7 11. Bb2 {½-½ (11) Moiseenko,V (2543)-Osmak,I (2408) Anogia 2019}) 7... Bxg2 8. Nxg2 {Black is slightly better.} h5 9. O-O Nc6 10. Nc4 d5 11. Nce3 e6 12. Nc2 Ne5 (12... Qd7 $15) 13. Bf4 Ned7 14. Bg5 c5 15. e4 dxe4 16. dxe4 Qc7 (16... Ne5 $5 {[%cal Rd8d1]} 17. Bxf6 Bxf6 $11) 17. Nce3 (17. Qe2 $11) 17... Nxe4 $17 18. Qf3 $2 {[%mdl 8192]} (18. Bf4 $17 e5 19. Nd5) 18... Nef6 $2 (18... Nxg5 $19 {and Black stays clearly on top.} 19. Qe2 Nf6) 19. Rad1 Ne5 20. Qe2 Nd5 (20... Rad8 $17) 21. Nxd5 $11 exd5 22. Bf4 (22. Rxd5 $11 {remains equal.} Qc6 23. Ne3) 22... Rad8 $17 23. Rfe1 {[%cal Rf4e5]} Rfe8 24. Qb5 f6 (24... d4 $19 {Hoping for ...Nf3+.} 25. Bxe5 Rxe5 26. cxd4 Rxe1+ 27. Rxe1 Bxd4) 25. Nh4 (25. Bxe5 $1 $15 Rxe5 26. Nf4) 25... Qf7 $19 26. Bxe5 Rxe5 (26... fxe5 $19 27. Qe2 g5) 27. Qd3 Rxe1+ 28. Rxe1 Re8 $2 {[%mdl 8192]} (28... f5 $17 {stays on course.} 29. Nf3 Bf6) 29. Rxe8+ $16 Qxe8 30. Qxg6 (30. Nxg6 $16 Qe1+ 31. Kg2 Qe4+ 32. Qxe4 dxe4 33. Nf4) 30... Qe1+ $2 (30... Qxg6 $14 31. Nxg6 d4) 31. Kg2 $18 {Black must now prevent Nf5.} Qe4+ 32. Qxe4 dxe4 {[%mdl 4096] Endgame KB-KN} 33. Nf5 Bf8 {[#]} 34. Kf1 $2 (34. g4 $1 $18 {[%mdl 512]}) 34... Kf7 $11 35. Ke2 {Strongly threatening Ke3.} Ke6 36. Nh4 Ke5 $2 {[%mdl 8192]} (36... b5 $11) 37. Ng6+ $18 {[%mdl 64] Double Attack} Kd5 38. Nxf8 {KN-KP} f5 39. Nh7 c4 40. Nf6+ {[%mdl 64] Double Attack} Ke5 41. Nxh5 b5 42. Nf4 b4 43. h4 bxc3 44. bxc3 a5 45. h5 a4 46. h6 Kf6 47. h7 Kg7 48. Nd5 Kxh7 49. Nb6 a3 50. Nxc4 {KN-K3P} Kg6 51. Nd6 Kf6 {[#]} 52. Nxf5 $1 Kxf5 {KP-KP} 53. Ke3 Ke5 54. f3 exf3 55. Kxf3 Kd5 56. g4 Kc4 57. g5 Kxc3 {KPP-KP} 58. g6 Kb2 59. g7 Kxa2 60. g8=Q+ Kb1 61. Qg1+ Kb2 62. Qf2+ Kb1 63. Qe1+ Kb2 64. Qd2+ Kb1 65. Qd1+ Kb2 66. Qd4+ Kb1 67. Ke3 a2 68. Kd2 a1=Q 69. Qb4+ $2 (69. Qe4+ {mates} Ka2 70. Qa4+ Kb2 71. Qb4+ Ka2 72. Kc2 Qd1+ 73. Kxd1 Ka1 74. Kc1 Ka2 75. Qb2#) 69... Qb2+ $11 70. Qxb2+ Kxb2 {Accuracy: White = 51%, Black = 42%.} 1/2-1/2

[Event "Stay Safe Play From Home 206"]
[Site "T#646635Emanuel Laske"]
[Date "2020.06.07"]
[Round "9"]
[White "Sfantul321"]
[Black "Mepe_Nika"]
[Result "0-1"]
[WhiteElo "1988"]
[BlackElo "2332"]
[Annotator "NA RC"]
[PlyCount "86"]
[EventDate "2020.06.07"]
[EventType "swiss (blitz)"]

1. e4 {[%emt 0:00:03]} e5 {[%emt 0:00:01]} 2. Nf3 {[%emt 0:00:01]} Nc6 {[%emt 0:00:00]} 3. c3 {[%emt 0:00:01]} Nf6 {[%emt 0:00:01]} 4. Qc2 {[%emt 0:00:01]} d5 {[%emt 0:00:01]} 5. exd5 {[%emt 0:00:01]} Nxd5 {[%emt 0:00:00]} 6. d4 {[%emt 0:00:02]} exd4 {[%emt 0:00:01]} 7. cxd4 {[%emt 0:00:01]} Bb4+ {[%emt 0:00:01]} 8. Nc3 {[%emt 0:00:01]} O-O {[%emt 0:00:01]} 9. Be2 {[%emt 0:00:01]} Re8 {[%emt 0:00:01]} 10. O-O {[%emt 0:00:01]} Bg4 {[%emt 0:00:01]} 11. h3 {[%emt 0:00:01]} Bh5 {[%emt 0:00:01]} 12. Rd1 {[%emt 0:00:03]} Qd6 {[%emt 0:00:06]} 13. a3 {[%emt 0:00:02]} Bxc3 {[%emt 0:00:01]} 14. bxc3 {[%emt 0:00:01]} Nf4 {[%emt 0:00:01]} 15. Bf1 {[%emt 0:00:01]} Rad8 {[%emt 0:00:01]} 16. Bxf4 {[%emt 0:00:02]} Qxf4 {[%emt 0:00:01]} 17. Qd2 {[%emt 0:00:00]} Qxd2 {[%emt 0:00:02]} 18. Rxd2 {[%emt 0:00:01]} Bxf3 {[%emt 0:00:01]} 19. gxf3 {[%emt 0:00:01]} Ne5 {[%emt 0:00:00]} 20. Kg2 {[%emt 0:00:02]} c6 {[%emt 0:00:03]} 21. Rb2 {[%emt 0:00:01]} b6 {[%emt 0:00:01]} 22. dxe5 {[%emt 0:00:01]} Rxe5 {[%emt 0:00:00]} 23. Re2 {[%emt 0:00:02]} Rc5 {[%emt 0:00:01]} 24. Rae1 {[%emt 0:00:02]} Kf8 {[%emt 0:00:01]} 25. Re3 {[%emt 0:00:02]} g6 {[%emt 0:00:01]} 26. h4 {[%emt 0:00:02]} a5 {[%emt 0:00:01]} 27. Be2 {[%emt 0:00:03]} Kg7 {[%emt 0:00:01]} 28. Kg3 {[%emt 0:00:01]} Rd2 {[%emt 0:00:01]} 29. Rd1 {[%emt 0:00:03]} Rc2 {[%emt 0:00:02]} 30. Rd7 {[%emt 0:00:02]} R2xc3 {[%emt 0:00:01]} 31. Rxc3 {[%emt 0:00:01]} Rxc3 {[%emt 0:00:01]} 32. Rb7 {[%emt 0:00:01]} b5 {[%emt 0:00:01]} 33. Rc7 {[%emt 0:00:02]} Rxa3 {[%emt 0:00:02]} 34. Rxc6 {[%emt 0:00:01]} a4 {[%emt 0:00:01]} 35. Bxb5 {[%emt 0:00:01]} Ra1 {[%emt 0:00:01]} 36. Ra6 {[%emt 0:00:01]} a3 {[%emt 0:00:01]} 37. Bc4 {[%emt 0:00:01]} Rc1 {[%emt 0:00:01]} 38. Bb3 {[%emt 0:00:02]} Rc3 {[%emt 0:00:01]} 39. Rxa3 {[%emt 0:00:01]} h5 {[%emt 0:00:01]} 40. Kf4 {[%emt 0:00:01]} Kh6 {[%emt 0:00:02]} 41. Ke4 {[%emt 0:00:01]} f6 {[%emt 0:00:01]} 42. Kd4 {[%emt 0:00:01]} Rxf3 {[%emt 0:00:01]} 43. Ra2 {[%emt 0:00:02]} Rxb3 {[%emt 0:00:01] Time (Lag: Av=0.22s, max=0.3s)} 0-1

[Event "Stay Safe Play From Home 206"]
[Site "T#646635Emanuel Laske"]
[Date "2020.06.07"]
[Round "9"]
[White "Trotsky"]
[Black "Möwe"]
[Result "0-1"]
[WhiteElo "1597"]
[BlackElo "1504"]
[Annotator "NA RC"]
[PlyCount "80"]
[EventDate "2020.06.07"]
[EventType "swiss (blitz)"]

1. d4 {[%emt 0:00:01]} d5 {[%emt 0:00:01]} 2. e3 {[%emt 0:00:00]} c5 {[%emt 0:00:01]} 3. c4 {[%emt 0:00:01]} Nc6 {[%emt 0:00:01]} 4. Nc3 {[%emt 0:00:01]} cxd4 {[%emt 0:00:01]} 5. exd4 {[%emt 0:00:01]} e5 {[%emt 0:00:01]} 6. Be3 {[%emt 0:00:01]} exd4 {[%emt 0:00:01]} 7. Bxd4 {[%emt 0:00:01]} Bb4 {[%emt 0:00:01]} 8. c5 {[%emt 0:00:03]} Qe7+ {[%emt 0:00:01]} 9. Be2 {[%emt 0:00:04]} Bxc5 {[%emt 0:00:02]} 10. Bxc5 {[%emt 0:00:02]} Qxc5 {[%emt 0:00:02]} 11. Nf3 {[%emt 0:00:01]} Nf6 {[%emt 0:00:02]} 12. Qc2 {[%emt 0:00:01]} O-O {[%emt 0:00:01]} 13. O-O-O {[%emt 0:00:01]} g6 {[%emt 0:00:02]} 14. Ng5 {[%emt 0:00:01]} Bf5 {[%emt 0:00:01]} 15. Bd3 {[%emt 0:00:02]} Nb4 {[%emt 0:00:02]} 16. Qb1 {[%emt 0:00:03]} Nxd3+ {[%emt 0:00:02]} 17. Rxd3 {[%emt 0:00:01]} Qc4 {[%emt 0:00:03]} 18. Rhd1 {[%emt 0:00:03]} d4 {[%emt 0:00:01]} 19. h4 {[%emt 0:00:04]} dxc3 {[%emt 0:00:01]} 20. Rxc3 {[%emt 0:00:03]} Qf4+ {[%emt 0:00:04]} 21. Rd2 {[%emt 0:00:06]} Bxb1 {[%emt 0:00:01]} 22. Kxb1 {[%emt 0:00:01]} Qxd2 {[%emt 0:00:01]} 23. Rc1 {[%emt 0:00:02]} Qxc1+ {[%emt 0:00:01]} 24. Kxc1 {[%emt 0:00:02]} Rac8+ {[%emt 0:00:00]} 25. Kd2 {[%emt 0:00:01]} h6 {[%emt 0:00:01]} 26. Nf3 {[%emt 0:00:02]} Ne4+ {[%emt 0:00:01]} 27. Ke3 {[%emt 0:00:01]} Rfe8 {[%emt 0:00:01]} 28. Kf4 {[%emt 0:00:01]} Nxf2 {[%emt 0:00:01]} 29. Kg3 {[%emt 0:00:02]} Nd3 {[%emt 0:00:01]} 30. Kh2 {[%emt 0:00:01]} Re3 {[%emt 0:00:01]} 31. h5 {[%emt 0:00:01]} Rxf3 {[%emt 0:00:01]} 32. gxf3 {[%emt 0:00:01]} gxh5 {[%emt 0:00:00]} 33. Kg3 {[%emt 0:00:01]} Kg7 {[%emt 0:00:00]} 34. Kh4 {[%emt 0:00:01]} Kg6 {[%emt 0:00:00]} 35. f4 {[%emt 0:00:01]} Nxf4 {[%emt 0:00:01]} 36. b4 {[%emt 0:00:01]} Ne6 {[%emt 0:00:01]} 37. a4 {[%emt 0:00:01]} Rc4+ {[%emt 0:00:01]} 38. Kg3 {[%emt 0:00:01]} Rxb4 {[%emt 0:00:00]} 39. a5 {[%emt 0:00:01]} Ra4 {[%emt 0:00:00]} 40. a6 {[%emt 0:00:01]} Rxa6 {[%emt 0:00:00] Âðåìÿ (Lag: Av=0.34s, max=0.9s)} 0-1

[Event "Stay Safe Play From Home 206"]
[Site "T#646635Emanuel Laske"]
[Date "2020.06.07"]
[Round "9"]
[White "Epicure62"]
[Black "Timbre"]
[Result "0-1"]
[WhiteElo "1392"]
[BlackElo "1450"]
[Annotator "NA RC"]
[PlyCount "48"]
[EventDate "2020.06.07"]
[EventType "swiss (blitz)"]

1. d4 {[%emt 0:00:03]} d5 {[%emt 0:00:01]} 2. Nf3 {[%emt 0:00:01]} c6 {[%emt 0:00:01]} 3. Bg5 {[%emt 0:00:01]} Bf5 {[%emt 0:00:02]} 4. e3 {[%emt 0:00:02]} Nf6 {[%emt 0:00:01]} 5. Nbd2 {[%emt 0:00:02]} e6 {[%emt 0:00:02]} 6. c3 {[%emt 0:00:05]} Be7 {[%emt 0:00:01]} 7. Nb3 {[%emt 0:00:04]} Ne4 {[%emt 0:00:02]} 8. Nc5 {[%emt 0:00:04]} Bxg5 {[%emt 0:00:03]} 9. Ne5 {[%emt 0:00:04]} Qe7 {[%emt 0:00:03]} 10. Be2 {[%emt 0:00:06]} Nxc5 {[%emt 0:00:02]} 11. Nd3 {[%emt 0:00:03]} Nxd3+ {[%emt 0:00:03]} 12. Bxd3 {[%emt 0:00:01]} Bxd3 {[%emt 0:00:01]} 13. Qxd3 {[%emt 0:00:01]} Bf6 {[%emt 0:00:01]} 14. O-O-O {[%emt 0:00:02]} e5 {[%emt 0:00:01]} 15. e4 {[%emt 0:00:03]} O-O {[%emt 0:00:03]} 16. exd5 {[%emt 0:00:02]} cxd5 {[%emt 0:00:02]} 17. dxe5 {[%emt 0:00:01]} Qxe5 {[%emt 0:00:02]} 18. Rde1 {[%emt 0:00:01]} Qg5+ {[%emt 0:00:02]} 19. Kb1 {[%emt 0:00:02]} Nc6 {[%emt 0:00:01]} 20. g3 {[%emt 0:00:03]} d4 {[%emt 0:00:02]} 21. f4 {[%emt 0:00:01]} Qg6 {[%emt 0:00:03]} 22. f5 {[%emt 0:00:02]} Qg5 {[%emt 0:00:02]} 23. h4 {[%emt 0:00:02]} Qh6 {[%emt 0:00:03]} 24. g4 {[%emt 0:00:04]} Bxh4 {[%emt 0:00:05] Temps (Lag: Av=0.46s, max=1.0s)} 0-1